Vista normal
Vista MARC
- CODIGO PENAL
Entrada Topical Term
Número de registros utilizados en: 2
001 - CONTROL NUMBER
- control field: 11745
003 - CONTROL NUMBER IDENTIFIER
- control field: OSt
005 - DATE AND TIME OF LATEST TRANSACTION
- control field: 20160627111939.0
008 - FIXED-LENGTH DATA ELEMENTS
- fixed length control field: 160627|| aca||aabn | a|a d
040 ## - CATALOGING SOURCE
- Original cataloging agency: OSt
- Transcribing agency: OSt
150 ## - HEADING--TOPICAL TERM
- Topical term or geographic name entry element: CODIGO PENAL
670 ## - SOURCE DATA FOUND
- Source citation: Work cat.: (OSt)2598: Navas Aparicio, Alfonso 11744, Código Penal de Costa Rica comentado